000 01507nmm a2200493 a 4500
003 AR-BaBNM
005 20251128205233.0
008 087019s1965 ||||||||||||||000 | spa||
040 _cAR-BaBNM
111 2 _aConferencia de Mesa Redonda de Bellagio
_cBellagio, Italia
_9abr.
_d1964
245 1 0 _aLa infancia y la juventud en la planificación del desarrollo
250 _a1ª ed.
260 _aMéxico, D.F.
_bFondo de Cultura Económica
_c1965
300 0 _a172 p.
500 0 _aUNICEF: FONDO DE LAS NACIONES UNIDAS PARA LA INFANCIA
500 0 _aContiene lista de participantes en la conferencia
500 0 _aContiene notas sobre costos de servicios en sectores en desarrollo que benefician a la infancia en los países en desarrollo
650 4 _aINFANCIA
650 4 _aJUVENTUD
650 4 _aPLANES DE DESARROLLO
650 4 _aPLANIFICACION DE LA EDUCACION
651 4 _aVenezuela
651 4 _aURSS
651 4 _aPolonia
651 4 _aIndia
651 4 _aEstados Unidos
651 4 _aTúnez
700 1 _aLópez Cámara, Francisco
_eeditor
700 1 _aSwai, A.Z.N.
700 1 _aSalah, Ahmed Ben
700 1 _aRao, V.K.R.
700 1 _aHurtado, Héctor
700 1 _aBobrowski, Czeslaw
700 1 _aCahn, Frances
700 1 _aAutret, Marcel
700 1 _aGuiton, Jean
700 1 _aJohnstone, E.
700 1 _aSicault, Georges
700 1 _aSinger, H.W.
700 1 _aTinbergen, Jan
700 1 _aPusic, Eugen
942 _cBK
998 _cSILVI
999 _c10543
_d10543